000
00495nam a2200181Ia 4500
008
090124s9999 xx 000 0 und d
082
_b
122442
100
_a
काकोडकर चंद्रकांत.
245
_a
भास
250
_a
1
260
_c
1987
300
_a
183
600
_a
काकोडकर चंद्रकांत.
630
_a
भास
700
_a
काकोडकर चंद्रकांत.
730
_a
भास
942
_c
BOOK
999
_c
168528
_d
168528